Encyclopedia of forest sciences

Bibliographic Details
Other Authors: Burley, J. [ (Jeffery)], Evans, Julian, , 1946-, Youngquist, John
Format: Book
Published: Oxford : Elsevier , 2004.
Edition:1st ed.
Subjects:

MARC

LEADER 00000cam a2200000 7i4500
001 0000003607
005 20070920.0
020 0 0 |a 0121451607 
090 0 0 |a R 634.903   |b ENC 
245 0 0 |a Encyclopedia of forest sciences   |c editor-in-chief, Jeffery Burley ; editors, Julian Evans, John A. Youngquist. 
250 0 0 |a 1st ed. 
260 0 0 |a Oxford :   |b Elsevier ,   |c 2004. 
300 |a 4 v. :   |b ill., maps ;   |c 28 cm. 
504 0 0 |a Includes bibliographical references and index. 
650 0 0 |a Forestry   |x Encyclopedias. 
650 0 0 |a Forests and forestry   |x Encyclopedias. 
700 1 1 |a Burley, J. [  |q (Jeffery)] 
700 1 1 |a Evans, Julian, ,   |d 1946- 
700 1 1 |a Youngquist, John. 
999 |a 0000007009   |b Monograph   |c Reference   |e Default branch 
999 |a 0000007110   |b Monograph   |c Reference   |e Default branch 
999 |a 0000007111   |b Monograph   |c Reference   |e Default branch 
999 |a 0000007112   |b Monograph   |c Reference   |e Default branch